Представление документа в формате RUSMARC

Поле Инд. ПП Название Значение
Тип записи a
Библиографический уровень a
001 Контрольный номер 8ad916ef83bd458e8c175982feb77708
005 Дата корректировки 20181120134555.4
100 a Данные общей обработки 20180605 ||| 0rusy0189 ca
101 0_ a Язык текста rus
102 a Страна публикации RU
200 1_ f Первые сведения об ответственности И.В. Самсонов
a Заглавие Действие принципов правовой определенности и res judicata в гражданском процессе (в свете Постановления Конституционного Суда Российской Федерации от 17 октября 2017 г. № 24-П)
210 d Дата издания 2018
461 _0 1 2000
a Арбитражный и гражданский процесс
463 _0 1 2000
a №3
v С. 6-11
1 2101
d 2018
1 001917e36f2911e4c38ab6abd01ac5e31f9
606 a Основная рубрика Гражданское процессуальное право
610 0_ a Ключевые слова РГУП; ГРАЖДАНСКИЙ ПРОЦЕСС; ПРАВОВЫЕ ОТНОШЕНИЯ; ПРИНЦИПЫ ПРАВА; КОНСТИТУЦИОННЫЕ СУДЫ; СУДЕБНЫЕ ПРАВОВЫЕ ПОЗИЦИИ
700 _1 a Фамилия Самсонов
b Имя И.В.
801 _0 a Страна RU
b Организация РГУП
c Дата составления 20180605
g Правила каталогизации PSBO
801 _1 a Страна RU
b Организация РГУП
c Дата составления 20180605
g Правила каталогизации PSBO
901 t Тип документа b
w Контрольный № источника 917e36f2911e4c38ab6abd01ac5e31f9
905 a Дата ввода 20180605